<?xml version="1.0" encoding="UTF-8"?>
<record
    xmlns:xsi="http://www.w3.org/2001/XMLSchema-instance"
    xsi:schemaLocation="http://www.loc.gov/MARC21/slim http://www.loc.gov/standards/marcxml/schema/MARC21slim.xsd"
    xmlns="http://www.loc.gov/MARC21/slim">

  <leader>00893nas a2200241 a 4500</leader>
  <controlfield tag="001">524579</controlfield>
  <controlfield tag="005">20250611115637.0</controlfield>
  <controlfield tag="007">ta</controlfield>
  <controlfield tag="008">890206e2018    dr zn p|ro   ||    ospa ||spa| </controlfield>
  <datafield tag="040" ind1=" " ind2=" ">
    <subfield code="a">DO-SdBNP</subfield>
    <subfield code="c">BNPHU</subfield>
    <subfield code="e">rda</subfield>
  </datafield>
  <datafield tag="041" ind1=" " ind2=" ">
    <subfield code="h">spa</subfield>
  </datafield>
  <datafield tag="100" ind1=" " ind2=" ">
    <subfield code="9">2731</subfield>
    <subfield code="a">G&#xF3;mez, Wilson</subfield>
    <subfield code="e">editor</subfield>
  </datafield>
  <datafield tag="245" ind1=" " ind2=" ">
    <subfield code="a">Aqu&#xED; Barahona : </subfield>
    <subfield code="b">publicaci&#xF3;n a favor de una comunidad que progresa / </subfield>
    <subfield code="c">Wilson G&#xF3;mez, editor. </subfield>
  </datafield>
  <datafield tag="264" ind1=" " ind2=" ">
    <subfield code="a">Barahona Provincia, Rep&#xFA;blica Dominicana : </subfield>
    <subfield code="b">[editor no identificado],</subfield>
    <subfield code="c">2018.</subfield>
  </datafield>
  <datafield tag="300" ind1=" " ind2=" ">
    <subfield code="a">volumen : </subfield>
    <subfield code="b">ilustraciones, fotograf&#xED;as ; </subfield>
    <subfield code="c">28 cm.</subfield>
  </datafield>
  <datafield tag="310" ind1=" " ind2=" ">
    <subfield code="a">Cuatrimestral.</subfield>
  </datafield>
  <datafield tag="336" ind1=" " ind2=" ">
    <subfield code="a">texto</subfield>
    <subfield code="b">txt</subfield>
    <subfield code="2">rdacontent</subfield>
  </datafield>
  <datafield tag="337" ind1=" " ind2=" ">
    <subfield code="a">sin mediaci&#xF3;n </subfield>
    <subfield code="b">n</subfield>
    <subfield code="2">rdamedia</subfield>
  </datafield>
  <datafield tag="338" ind1=" " ind2=" ">
    <subfield code="a">volumen </subfield>
    <subfield code="b">nc</subfield>
    <subfield code="2">rdacarrier</subfield>
  </datafield>
  <datafield tag="362" ind1=" " ind2=" ">
    <subfield code="a">A&#xF1;o 1, N&#xFA;m 1, enero-abril 2018.</subfield>
  </datafield>
  <datafield tag="650" ind1=" " ind2="0">
    <subfield code="a">Barahona </subfield>
    <subfield code="x">Aspectos culturales</subfield>
    <subfield code="v">Publicaciones peri&#xF3;dicas </subfield>
    <subfield code="z">Rep&#xFA;blica Dominicana</subfield>
    <subfield code="9">17726</subfield>
  </datafield>
  <datafield tag="942" ind1=" " ind2=" ">
    <subfield code="2">ddc</subfield>
    <subfield code="c">ISSUE</subfield>
  </datafield>
  <datafield tag="952" ind1=" " ind2=" ">
    <subfield code="0">0</subfield>
    <subfield code="1">0</subfield>
    <subfield code="2">ddc</subfield>
    <subfield code="4">0</subfield>
    <subfield code="5">6</subfield>
    <subfield code="7">0</subfield>
    <subfield code="8">SE</subfield>
    <subfield code="a">BNPHU</subfield>
    <subfield code="b">BNPHU</subfield>
    <subfield code="d">2025-04-30</subfield>
    <subfield code="h">A&#xF1;o 1, N&#xFA;m 1, enero-abril 2018</subfield>
    <subfield code="l">0</subfield>
    <subfield code="p">2025-3882</subfield>
    <subfield code="r">2025-04-30</subfield>
    <subfield code="t">e.1</subfield>
    <subfield code="w">2025-04-30</subfield>
    <subfield code="y">ISSUE</subfield>
    <subfield code="z">Flavia Garc&#xED;a: una Barahonera aut&#xE9;ntica. </subfield>
  </datafield>
  <datafield tag="952" ind1=" " ind2=" ">
    <subfield code="0">0</subfield>
    <subfield code="1">0</subfield>
    <subfield code="2">ddc</subfield>
    <subfield code="4">0</subfield>
    <subfield code="5">6</subfield>
    <subfield code="7">0</subfield>
    <subfield code="8">SE</subfield>
    <subfield code="a">BNPHU</subfield>
    <subfield code="b">BNPHU</subfield>
    <subfield code="d">2025-04-30</subfield>
    <subfield code="h">A&#xF1;o 1, N&#xFA;m 2, mayo-agosto 2018</subfield>
    <subfield code="l">0</subfield>
    <subfield code="p">2025-3884</subfield>
    <subfield code="r">2025-04-30</subfield>
    <subfield code="t">e.1</subfield>
    <subfield code="w">2025-04-30</subfield>
    <subfield code="y">ISSUE</subfield>
    <subfield code="z">C&#xE9;sar Daniel Medina N&#xFA;&#xF1;ez, un Barahonero maestro de la Radio Nacional.</subfield>
  </datafield>
  <datafield tag="952" ind1=" " ind2=" ">
    <subfield code="0">0</subfield>
    <subfield code="1">0</subfield>
    <subfield code="2">ddc</subfield>
    <subfield code="4">0</subfield>
    <subfield code="5">6</subfield>
    <subfield code="7">0</subfield>
    <subfield code="8">SE</subfield>
    <subfield code="a">BNPHU</subfield>
    <subfield code="b">BNPHU</subfield>
    <subfield code="d">2025-04-30</subfield>
    <subfield code="h">A&#xF1;o 1, N&#xFA;m 3, septiembre-diciembre 2018</subfield>
    <subfield code="l">0</subfield>
    <subfield code="p">2025-3885</subfield>
    <subfield code="r">2025-04-30</subfield>
    <subfield code="t">e.1</subfield>
    <subfield code="w">2025-04-30</subfield>
    <subfield code="y">ISSUE</subfield>
    <subfield code="z">Heroicidad Barahonera, Teseo Ram&#xED;rez &#xA1;Ejemplo de valor y arrojo!</subfield>
  </datafield>
  <datafield tag="952" ind1=" " ind2=" ">
    <subfield code="0">0</subfield>
    <subfield code="1">0</subfield>
    <subfield code="2">ddc</subfield>
    <subfield code="4">0</subfield>
    <subfield code="5">6</subfield>
    <subfield code="7">0</subfield>
    <subfield code="8">SE</subfield>
    <subfield code="a">BNPHU</subfield>
    <subfield code="b">BNPHU</subfield>
    <subfield code="d">2025-04-30</subfield>
    <subfield code="h">A&#xF1;o 2, N&#xFA;m 4, enero-abril 2019</subfield>
    <subfield code="l">0</subfield>
    <subfield code="p">2025-3889</subfield>
    <subfield code="r">2025-04-30</subfield>
    <subfield code="t">e.1</subfield>
    <subfield code="w">2025-04-30</subfield>
    <subfield code="y">ISSUE</subfield>
    <subfield code="z">Cantante, maestra y propulsora del Folklor, Casandra Damir&#xF3;n &#xA1;A la vista de su Barahona!</subfield>
  </datafield>
  <datafield tag="952" ind1=" " ind2=" ">
    <subfield code="0">0</subfield>
    <subfield code="1">0</subfield>
    <subfield code="2">ddc</subfield>
    <subfield code="4">0</subfield>
    <subfield code="5">6</subfield>
    <subfield code="7">0</subfield>
    <subfield code="8">SE</subfield>
    <subfield code="a">BNPHU</subfield>
    <subfield code="b">BNPHU</subfield>
    <subfield code="d">2025-04-30</subfield>
    <subfield code="h">A&#xF1;o 2, N&#xFA;m 5, mayo-agosto 2019</subfield>
    <subfield code="l">0</subfield>
    <subfield code="p">2025-3891</subfield>
    <subfield code="r">2025-04-30</subfield>
    <subfield code="t">e.1</subfield>
    <subfield code="w">2025-04-30</subfield>
    <subfield code="y">ISSUE</subfield>
    <subfield code="z">Bonaparte Gautreaux Pi&#xF1;eyro: &#xA1;Un valiente defensor de la libertad del pueblo!</subfield>
  </datafield>
  <datafield tag="952" ind1=" " ind2=" ">
    <subfield code="0">0</subfield>
    <subfield code="1">0</subfield>
    <subfield code="2">ddc</subfield>
    <subfield code="4">0</subfield>
    <subfield code="5">6</subfield>
    <subfield code="7">0</subfield>
    <subfield code="8">SE</subfield>
    <subfield code="a">BNPHU</subfield>
    <subfield code="b">BNPHU</subfield>
    <subfield code="d">2025-04-30</subfield>
    <subfield code="h">A&#xF1;o 2, N&#xFA;m 6, septiembre-diciembre 2019</subfield>
    <subfield code="l">0</subfield>
    <subfield code="p">2025-3892</subfield>
    <subfield code="r">2025-04-30</subfield>
    <subfield code="t">e.1</subfield>
    <subfield code="w">2025-04-30</subfield>
    <subfield code="y">ISSUE</subfield>
    <subfield code="z">Un referente barahonero de la lucha social Leo Mercedes: &#xA1;Una vida digna de ser contada!</subfield>
  </datafield>
  <datafield tag="999" ind1=" " ind2=" ">
    <subfield code="c">58884</subfield>
    <subfield code="d">58884</subfield>
  </datafield>
</record>
